[Event "2. Open Patrimonio de la Humanidad"]
[Site "Alcalá de Henares ESP"]
[Date "2007.10.11"]
[Round "5.8"]
[White "Dgebuadze, Alexandre"]
[Black "Rubio Mejia, Luis Ignacio"]
[Result "1-0"]
[WhiteElo "2505"]
[BlackElo "2327"]
[PlyCount "143"]
[EventDate "2007.10.07"]
[EventType "swiss"]
[EventRounds "9"]
[EventCountry "ESP"]
[Source "lmi"]
[SourceDate "2007.10.07"]

1. e4 c5 2. Nf3 d6 3. d4 cxd4 4. Qxd4 Nc6 5. Bb5 Bd7 6. Bxc6 Bxc6 7. Nc3 Nf6 8.
Bg5 e6 9. O-O-O Be7 10. Qd3 Qa5 11. h4 h6 12. Bd2 Qa6 13. Qxa6 bxa6 14. Rde1
Ng4 15. Nd4 Bd7 16. f3 Ne5 17. Kb1 h5 18. Rd1 Bf6 19. Bg5 Rb8 20. b3 Ke7 21.
Nde2 Rb6 22. Nf4 Bxg5 23. hxg5 g6 24. Nd3 Rc8 25. Nxe5 Rxc3 26. Nd3 a5 27. Kb2
Rbc6 28. Rd2 Bc8 29. e5 d5 30. Re1 Ba6 31. Nf2 a4 32. Nd1 a3+ 33. Kc1 R3c5 34.
Ne3 Bb5 35. Rd4 a5 36. Kd2 Rc8 37. Rc1 Be8 38. c3 Bd7 39. g3 Be8 40. Ng2 Bd7
41. Ne1 Bb5 42. f4 R8c7 43. Ng2 Rc8 44. Ne3 Bd7 45. Rc2 R5c7 46. c4 dxc4 47.
Nxc4 h4 48. gxh4 Rh8 49. Nxa3 Rxc2+ 50. Kxc2 Rxh4 51. Nc4 Rh2+ 52. Rd2 Rh4 53.
Rd4 Rh2+ 54. Nd2 Rh3 55. a4 Bc6 56. Nc4 Rh2+ 57. Kc3 Rh3+ 58. Kb2 Bd5 59. Nxa5
Kd7 60. Ka3 Kc7 61. Rb4 Rf3 62. Kb2 Kd8 63. Nb7+ Bxb7 64. Rxb7 Rxf4 65. a5 Kc8
66. a6 Rf5 67. Rb4 Rf2+ 68. Kc3 Ra2 69. Ra4 Rxa4 70. bxa4 Kc7 71. Kc4 Kb6 72.
a7 1-0

[Event "2. Open Patrimonio de la Humanidad"]
[Site "Alcalá de Henares ESP"]
[Date "2007.10.11"]
[Round "5.9"]
[White "Herraiz Hidalgo, Herminio"]
[Black "Arribas Lopez, Angel"]
[Result "1/2-1/2"]
[WhiteElo "2484"]
[BlackElo "2312"]
[PlyCount "98"]
[EventDate "2007.10.07"]
[EventType "swiss"]
[EventRounds "9"]
[EventCountry "ESP"]
[Source "lmi"]
[SourceDate "2007.10.07"]

1. d4 Nf6 2. c4 g6 3. Nc3 Bg7 4. e4 d6 5. Be2 O-O 6. Bg5 Nbd7 7. Qd2 e5 8. d5
a5 9. f3 Nc5 10. g4 Qe8 11. Nh3 h5 12. Nf2 hxg4 13. fxg4 Nh7 14. Bh6 Bxh6 15.
Qxh6 Na4 16. Nxa4 Qxa4 17. h4 Qb4+ 18. Qd2 g5 19. Rc1 Qxd2+ 20. Kxd2 b6 21. Kd3
Kg7 22. h5 Nf6 23. Ke3 Bd7 24. Kf3 c5 25. dxc6 Bxc6 26. Rhd1 Rad8 27. Rd2 Rd7
28. Rcd1 Rfd8 29. Bd3 Ne8 30. Nh1 Rc7 31. b3 Bd7 32. Be2 Rc6 33. Ke3 Be6 34.
Nf2 Nf6 35. Rg1 Nd7 36. Nd1 Kf6 37. Nc3 Ke7 38. Bd3 Nf6 39. Rgg2 Rh8 40. Be2
Nd7 41. Rf2 Nf6 42. Bf3 Rh6 43. Be2 Rh8 44. Rf1 Rh6 45. Kd3 Rc8 46. Ke3 Rc6 47.
Rg1 Rh8 48. Bf3 Rh6 49. Be2 Rh8 1/2-1/2

[Event "2. Open Patrimonio de la Humanidad"]
[Site "Alcalá de Henares ESP"]
[Date "2007.10.11"]
[Round "5.10"]
[White "Abreu Delgado, Aryam"]
[Black "Sanchez Gonzalez, Sergio"]
[Result "1-0"]
[WhiteElo "2479"]
[BlackElo "2177"]
[PlyCount "75"]
[EventDate "2007.10.07"]
[EventType "swiss"]
[EventRounds "9"]
[EventCountry "ESP"]
[Source "lmi"]
[SourceDate "2007.10.07"]

1. e4 c5 2. Nf3 d6 3. d4 Nf6 4. Nc3 cxd4 5. Nxd4 e6 6. Be3 a6 7. f3 b5 8. Qd2
Bb7 9. g4 Nfd7 10. O-O-O Nb6 11. Nb3 Nc6 12. Qf2 Nc4 13. Bxc4 bxc4 14. Nc5 Qc7
15. N5a4 Ne5 16. Rhg1 Nd7 17. Nb6 Rb8 18. Nxd7 Qxd7 19. Ba7 Ra8 20. Bc5 Qc6 21.
Ba3 Be7 22. Qd4 O-O 23. Bxd6 Rad8 24. e5 Qxf3 25. Qxc4 Bxd6 26. Rg3 Qf2 27.
exd6 Qxh2 28. Rgd3 Qg2 29. Qf4 Rd7 30. b3 Rc8 31. R1d2 Qh1+ 32. Kb2 Qc6 33. g5
Re8 34. Qe5 Red8 35. Rh2 Rxd6 36. Rdh3 Rd2 37. Rxh7 Rxh2 38. Qxg7# 1-0

[Event "2. Open Patrimonio de la Humanidad"]
[Site "Alcalá de Henares ESP"]
[Date "2007.10.11"]
[Round "5.11"]
[White "Moreno Ruiz, Javier"]
[Black "Arauz Alonso, Fernando"]
[Result "1-0"]
[WhiteElo "2466"]
[BlackElo "1965"]
[PlyCount "65"]
[EventDate "2007.10.07"]
[EventType "swiss"]
[EventRounds "9"]
[EventCountry "ESP"]
[Source "lmi"]
[SourceDate "2007.10.07"]

1. d4 d5 2. c4 c6 3. Nc3 Nf6 4. e3 e6 5. Nf3 Nbd7 6. Bd3 dxc4 7. Bxc4 b5 8. Bd3
a6 9. e4 Bb7 10. e5 Nd5 11. Nxd5 cxd5 12. Ng5 Bb4+ 13. Kf1 Qb6 14. Be3 Be7 15.
h4 g6 16. Qf3 Bxg5 17. hxg5 Ke7 18. Rh4 a5 19. Rf4 Raf8 20. Qe2 Bc6 21. Kg1 b4
22. a3 bxa3 23. bxa3 Rb8 24. a4 Qb2 25. Qe1 Rb4 26. Bd2 Rxa4 27. Rb1 Qa2 28.
Rc1 Rc8 29. Bb5 Bxb5 30. Rxc8 Qb2 31. Bxa5 Ra1 32. Bd8+ Kf8 33. Bf6# 1-0

[Event "2. Open Patrimonio de la Humanidad"]
[Site "Alcalá de Henares ESP"]
[Date "2007.10.11"]
[Round "5.12"]
[White "Madina Yadarola, Martin"]
[Black "Almagro Llamas, Pablo"]
[Result "0-1"]
[WhiteElo "2344"]
[BlackElo "2429"]
[PlyCount "52"]
[EventDate "2007.10.07"]
[EventType "swiss"]
[EventRounds "9"]
[EventCountry "ESP"]
[Source "lmi"]
[SourceDate "2007.10.07"]

1. e4 c6 2. d4 d5 3. Nd2 dxe4 4. Nxe4 Bf5 5. Ng3 Bg6 6. h4 h6 7. Nf3 Nf6 8. Ne5
Bh7 9. Bc4 e6 10. Qe2 Nd5 11. Bb3 Nd7 12. Bd2 Nxe5 13. dxe5 Qb6 14. Ne4 O-O-O
15. O-O-O Bxe4 16. Qxe4 Bc5 17. Rh3 Ne7 18. Rf3 Nf5 19. h5 Bxf2 20. Qe2 Bg3 21.
c3 Qc5 22. Bf4 Rxd1+ 23. Bxd1 Nd4 24. Qe4 Nxf3 25. Bxg3 Ng5 26. Qf4 Rd8 0-1

[Event "2. Open Patrimonio de la Humanidad"]
[Site "Alcalá de Henares ESP"]
[Date "2007.10.11"]
[Round "5.13"]
[White "De La Fuente Gonzalez, Francisco"]
[Black "Perez Mitjans, Orelvis"]
[Result "1-0"]
[WhiteElo "2233"]
[BlackElo "2421"]
[PlyCount "85"]
[EventDate "2007.10.07"]
[EventType "swiss"]
[EventRounds "9"]
[EventCountry "ESP"]
[Source "lmi"]
[SourceDate "2007.10.07"]

1. c4 c5 2. g3 Nc6 3. Nc3 g6 4. Bg2 Bg7 5. Nf3 d6 6. O-O e5 7. d3 Nge7 8. Bd2
O-O 9. Qc1 f5 10. Bh6 f4 11. Bxg7 Kxg7 12. a3 Nf5 13. b4 g5 14. bxc5 dxc5 15.
Nd5 g4 16. Nd2 Nfd4 17. Qd1 Qg5 18. Be4 Bf5 19. Rb1 Rf7 20. e3 Ne6 21. Bxf5
Qxf5 22. Ne4 Rd8 23. f3 gxf3 24. Qxf3 Qg6 25. Kh1 Kh8 26. gxf4 exf4 27. exf4
Ncd4 28. Qg3 Qh6 29. f5 Nxf5 30. Qe5+ Neg7 31. Nxc5 Qh3 32. Nf4 Qh6 33. Nd5 Re8
34. Qf4 Qh3 35. Rf3 Qh5 36. Rbf1 Ref8 37. R3f2 Nh4 38. Qxf7 Rxf7 39. Rxf7 Ngf5
40. Rf8+ Kg7 41. Ne6+ Kh6 42. Rf6+ Ng6 43. R1xf5 1-0

[Event "2. Open Patrimonio de la Humanidad"]
[Site "Alcalá de Henares ESP"]
[Date "2007.10.11"]
[Round "5.14"]
[White "Sanchez, Nicolas"]
[Black "Pogorelov, Ruslan"]
[Result "1/2-1/2"]
[WhiteElo "2201"]
[BlackElo "2411"]
[PlyCount "93"]
[EventDate "2007.10.07"]
[EventType "swiss"]
[EventRounds "9"]
[EventCountry "ESP"]
[Source "lmi"]
[SourceDate "2007.10.07"]

1. d4 Nf6 2. Nf3 e6 3. c4 b6 4. g3 Ba6 5. Nbd2 Bb7 6. Bg2 c5 7. O-O cxd4 8. Nb3
Be7 9. Nbxd4 a6 10. b3 Qc7 11. Bb2 O-O 12. Bh3 Nc6 13. Qb1 Nxd4 14. Bxd4 Be4
15. Qb2 b5 16. Rac1 bxc4 17. Rxc4 Qa5 18. Ne5 Rac8 19. Bc3 Qb5 20. f3 Bg6 21.
Rd1 d6 22. a4 Qb6+ 23. Bd4 Qb7 24. Nxg6 hxg6 25. Rdc1 Rxc4 26. Rxc4 e5 27. Bf2
d5 28. Rc1 d4 29. f4 exf4 30. Bg2 Qb8 31. Qxd4 fxg3 32. hxg3 Qxb3 33. Bf3 Rd8
34. Qa7 Ba3 35. Rc6 Qxa4 36. Rxa6 Qd1+ 37. Kg2 Bf8 38. Ra1 Qd6 39. Qa4 g5 40.
Qc4 Re8 41. Ra7 Qe6 42. Qxe6 Rxe6 43. g4 Bb4 44. Bd4 Bd2 45. Rb7 Be3 46. Bxf6
Rxf6 47. Re7 1/2-1/2

[Event "2. Open Patrimonio de la Humanidad"]
[Site "Alcalá de Henares ESP"]
[Date "2007.10.11"]
[Round "5.15"]
[White "Vilarnovo Caamaño, Jose"]
[Black "Gongora Reyes, Maikel"]
[Result "1/2-1/2"]
[WhiteElo "2101"]
[BlackElo "2410"]
[PlyCount "54"]
[EventDate "2007.10.07"]
[EventType "swiss"]
[EventRounds "9"]
[EventCountry "ESP"]
[Source "lmi"]
[SourceDate "2007.10.07"]

1. e4 e5 2. Nf3 Nc6 3. d4 exd4 4. Nxd4 Bc5 5. Be3 Qf6 6. c3 Nge7 7. g3 d5 8.
Bg2 dxe4 9. Nd2 Bxd4 10. cxd4 Qg6 11. Nxe4 Bf5 12. Nc3 O-O 13. O-O Rfd8 14. Qb3
b6 15. d5 Na5 16. Qb4 Rd7 17. Rad1 Rad8 18. Bf4 Qh5 19. Rfe1 c5 20. Qa4 Ng6 21.
Re3 Bh3 22. Rde1 Bxg2 23. Re8+ Nf8 24. Kxg2 f6 25. R8e7 Qf5 26. Bc7 Rc8 27. d6
h5 1/2-1/2

[Event "2. Open Patrimonio de la Humanidad"]
[Site "Alcalá de Henares ESP"]
[Date "2007.10.11"]
[Round "5.16"]
[White "Valles Moreno, Ivan"]
[Black "Montero Garcia, Francisco Javier"]
[Result "1-0"]
[WhiteElo "2402"]
[BlackElo "1935"]
[PlyCount "65"]
[EventDate "2007.10.07"]
[EventType "swiss"]
[EventRounds "9"]
[EventCountry "ESP"]
[Source "lmi"]
[SourceDate "2007.10.07"]

1. d4 Nf6 2. c4 g6 3. Nc3 Bg7 4. e4 d6 5. f3 O-O 6. Bg5 c5 7. d5 a6 8. a4 e6 9.
Nge2 h6 10. Be3 exd5 11. cxd5 Re8 12. Qd2 Kh7 13. Ng3 Qa5 14. Ra3 Nbd7 15. Be2
Ne5 16. O-O h5 17. Rfa1 Ng8 18. h3 Qd8 19. Bg5 f6 20. Be3 b6 21. f4 Nf7 22. f5
h4 23. fxg6+ Kxg6 24. Bh5+ Kh7 25. Bxf7 hxg3 26. Bxe8 Qxe8 27. Bf4 Bh6 28. Rf1
Bxf4 29. Qxf4 Qe5 30. Qh4+ Kg7 31. Ne2 Ra7 32. Rxg3+ Kf8 33. Qh8 1-0

[Event "2. Open Patrimonio de la Humanidad"]
[Site "Alcalá de Henares ESP"]
[Date "2007.10.11"]
[Round "5.17"]
[White "Rabadan Velasco, Raul"]
[Black "Bote Kobolo, Benjamin"]
[Result "1-0"]
[WhiteElo "2307"]
[BlackElo "1894"]
[PlyCount "65"]
[EventDate "2007.10.07"]
[EventType "swiss"]
[EventRounds "9"]
[EventCountry "ESP"]
[Source "lmi"]
[SourceDate "2007.10.07"]

1. d4 d5 2. c4 e6 3. Nf3 Nf6 4. g3 Nbd7 5. Bg2 c6 6. O-O Ne4 7. Nfd2 Nxd2 8.
Nxd2 Nf6 9. Qc2 Be7 10. b3 O-O 11. Bb2 Bd7 12. e4 dxe4 13. Nxe4 Nxe4 14. Bxe4
f5 15. Bg2 f4 16. Be4 h6 17. Qe2 e5 18. dxe5 Qe8 19. Rfd1 Be6 20. Rd3 Qf7 21.
Rad1 g5 22. g4 h5 23. h3 hxg4 24. hxg4 Kg7 25. Bf5 Rh8 26. Rd6 Rh6 27. Bxe6
Rxe6 28. Qe4 Rh8 29. Rxe6 Qxe6 30. Qf5 Qxf5 31. gxf5 Rh4 32. e6+ Kg8 33. f6 1-0

[Event "2. Open Patrimonio de la Humanidad"]
[Site "Alcalá de Henares ESP"]
[Date "2007.10.11"]
[Round "5.18"]
[White "Lymar, Irina"]
[Black "Vazquez Gonzalez, Jesus"]
[Result "1-0"]
[WhiteElo "2264"]
[BlackElo "2049"]
[PlyCount "47"]
[EventDate "2007.10.07"]
[EventType "swiss"]
[EventRounds "9"]
[EventCountry "ESP"]
[Source "lmi"]
[SourceDate "2007.10.07"]

1. d4 d5 2. Nf3 Nf6 3. c4 c6 4. Qc2 e6 5. g3 Nbd7 6. Bg2 Be7 7. O-O O-O 8. Nc3
dxc4 9. Rd1 Qa5 10. e4 b5 11. e5 Nd5 12. Bg5 Nxc3 13. Bxe7 Nxd1 14. Rxd1 Re8
15. Ng5 g6 16. Bd6 Bb7 17. a3 Qa4 18. Qc1 Qb3 19. Ne4 Kg7 20. Re1 Qd3 21. Nf6
Nxf6 22. exf6+ Kh8 23. Re4 c5 24. Qh6 1-0

[Event "2. Open Patrimonio de la Humanidad"]
[Site "Alcalá de Henares ESP"]
[Date "2007.10.11"]
[Round "5.20"]
[White "Caravaca Aguirre, Antonio"]
[Black "Lacrosse, Marc"]
[Result "1-0"]
[WhiteElo "2102"]
[BlackElo "2254"]
[PlyCount "39"]
[EventDate "2007.10.07"]
[EventType "swiss"]
[EventRounds "9"]
[EventCountry "ESP"]
[Source "lmi"]
[SourceDate "2007.10.07"]

1. Nf3 d5 2. c4 e6 3. b3 Nf6 4. g3 Be7 5. Bb2 O-O 6. Bg2 b6 7. O-O Bb7 8. d3 c5
9. Nbd2 Nc6 10. cxd5 Nxd5 11. Nc4 Bf6 12. d4 b5 13. Nce5 Nxd4 14. Nxd4 cxd4 15.
Qxd4 Qe7 16. Rac1 Rfd8 17. Qc5 Qe8 18. Rfd1 Be7 19. Qd4 Nb4 20. Nd7 1-0

[Event "2. Open Patrimonio de la Humanidad"]
[Site "Alcalá de Henares ESP"]
[Date "2007.10.11"]
[Round "5.21"]
[White "Muñoz Sanchez, Daniel"]
[Black "Barez Menendez, Hector"]
[Result "0-1"]
[WhiteElo "2046"]
[BlackElo "2169"]
[PlyCount "76"]
[EventDate "2007.10.07"]
[EventType "swiss"]
[EventRounds "9"]
[EventCountry "ESP"]
[Source "lmi"]
[SourceDate "2007.10.07"]

1. e4 e5 2. Bc4 Nf6 3. d3 c6 4. Nf3 Be7 5. O-O d6 6. Re1 O-O 7. c3 Bg4 8. Nbd2
Nbd7 9. b4 a5 10. Rb1 axb4 11. cxb4 d5 12. exd5 cxd5 13. Bb5 Rxa2 14. Bxd7 Bxd7
15. Qb3 Ra4 16. b5 Rb4 17. Qa2 e4 18. dxe4 dxe4 19. Ng5 Rxb5 20. Ndxe4 Nxe4 21.
Nxe4 Rxb1 22. Qxb1 Bc6 23. Bb2 Re8 24. Ng3 Bf8 25. Rxe8 Qxe8 26. Qa1 Qe6 27.
Bd4 Qd5 28. f3 b5 29. Ne4 h6 30. Be3 Qe6 31. Qd4 Bxe4 32. fxe4 b4 33. Bc1 Qc6
34. Qd1 Qxe4 35. h3 Bc5+ 36. Kh1 Qd4 37. Qe1 b3 38. Bd2 b2 0-1

[Event "2. Open Patrimonio de la Humanidad"]
[Site "Alcalá de Henares ESP"]
[Date "2007.10.11"]
[Round "5.22"]
[White "Serafimov, Dimitar"]
[Black "Camarero Izquierdo, Juan Carlos"]
[Result "1/2-1/2"]
[WhiteElo "2168"]
[BlackElo "2008"]
[PlyCount "79"]
[EventDate "2007.10.07"]
[EventType "swiss"]
[EventRounds "9"]
[EventCountry "ESP"]
[Source "lmi"]
[SourceDate "2007.10.07"]

1. c4 e5 2. g3 Nf6 3. Bg2 Bc5 4. Nc3 O-O 5. e3 d6 6. Nge2 c6 7. O-O Be6 8. d4
exd4 9. exd4 Bb6 10. Qb3 Qc8 11. Bf4 Bc7 12. Rfd1 a5 13. d5 cxd5 14. cxd5 Bd7
15. Rac1 Na6 16. Nb5 Bxb5 17. Qxb5 Qb8 18. a3 Nc5 19. b4 Ncd7 20. Nd4 g6 21.
Bh3 Ne5 22. Bg5 Nh5 23. Bh6 Ng7 24. f4 Qa7 25. fxe5 Bb6 26. exd6 Bxd4+ 27. Kh1
Be3 28. Bxe3 Qxe3 29. Qd3 Qh6 30. Bg2 Nh5 31. d7 Nf6 32. Qd2 Qh5 33. d6 Rad8
34. Bxb7 Rxd7 35. Bc6 Re8 36. Re1 Rxe1+ 37. Rxe1 Rd8 38. d7 axb4 39. axb4 Qf5
40. Kg2 1/2-1/2

[Event "2. Open Patrimonio de la Humanidad"]
[Site "Alcalá de Henares ESP"]
[Date "2007.10.11"]
[Round "5.23"]
[White "Perez De Aranda, Leonardo Ivan"]
[Black "Garcia Roman, Jose Luis Machado"]
[Result "1-0"]
[WhiteElo "2167"]
[BlackElo "1991"]
[PlyCount "93"]
[EventDate "2007.10.07"]
[EventType "swiss"]
[EventRounds "9"]
[EventCountry "ESP"]
[Source "lmi"]
[SourceDate "2007.10.07"]

1. e4 c5 2. c4 Nc6 3. Nc3 g6 4. g3 Bg7 5. Bg2 e6 6. Nge2 Nge7 7. d3 b6 8. O-O
Bb7 9. Rb1 O-O 10. a3 Nd4 11. b4 d6 12. Be3 Nec6 13. f4 Qd7 14. h3 f5 15. Kh2
Rf7 16. Qd2 Kh8 17. e5 Nxe2 18. Nxe2 cxb4 19. d4 dxe5 20. d5 Nd8 21. fxe5 exd5
22. cxd5 Bxe5 23. axb4 h5 24. Bd4 Bxd4 25. Qh6+ Kg8 26. Nxd4 Rg7 27. Rbd1 Nf7
28. Qc1 Kh7 29. Ne6 Rgg8 30. Qb2 Nd6 31. Qf6 Ba6 32. Rfe1 Rae8 33. Ng5+ Kh6 34.
Qxd6 Qxd6 35. Nf7+ Kh7 36. Nxd6 Rd8 37. Re7+ Rg7 38. Rxg7+ Kxg7 39. b5 Rxd6 40.
bxa6 b5 41. Bf1 b4 42. Bc4 Kf6 43. Re1 g5 44. Re6+ Rxe6 45. dxe6 h4 46. gxh4
gxh4 47. Kg2 1-0

[Event "2. Open Patrimonio de la Humanidad"]
[Site "Alcalá de Henares ESP"]
[Date "2007.10.11"]
[Round "5.25"]
[White "Rodriguez Yague, Fermin"]
[Black "Ivanovitch Balsinde, Nicolas M"]
[Result "0-1"]
[WhiteElo "1778"]
[BlackElo "2151"]
[PlyCount "130"]
[EventDate "2007.10.07"]
[EventType "swiss"]
[EventRounds "9"]
[EventCountry "ESP"]
[Source "lmi"]
[SourceDate "2007.10.07"]

1. e4 e5 2. Nf3 Nc6 3. d4 exd4 4. Nxd4 Bc5 5. Nxc6 Qf6 6. Qf3 Qxf3 7. gxf3 dxc6
8. Bf4 Bd6 9. e5 Bb4+ 10. c3 Bc5 11. Nd2 Ne7 12. Nb3 Ng6 13. Bg3 Bb6 14. Bc4
Be6 15. Bxe6 fxe6 16. Ke2 Rd8 17. Rad1 Rf8 18. Rxd8+ Kxd8 19. Nd4 Ke7 20. b4
Bxd4 21. cxd4 Rd8 22. Ke3 Kf7 23. a3 Ne7 24. Rd1 b6 25. Rd3 Nf5+ 26. Ke4 Rd5
27. f4 Ke7 28. f3 Kd7 29. Be1 Kc8 30. Bc3 Kb7 31. Bb2 Ka6 32. a4 Kb7 33. Bc1 a5
34. Ba3 Ka6 35. Rd2 g6 36. Rd3 axb4 37. Bxb4 c5 38. dxc5 bxc5 39. Bc3 Ne7 40.
Rd2 Rxd2 41. Bxd2 Kb6 42. Kd3 Nf5 43. Bc3 Kc6 44. Kc4 Ne7 45. Bd2 Nd5 46. Kd3
Nb6 47. a5 Nd5 48. Kc4 Ne7 49. Be3 Nf5 50. Bxc5 Nh4 51. a6 Nxf3 52. a7 Kb7 53.
h3 g5 54. Be3 gxf4 55. a8=Q+ Kxa8 56. Bxf4 Kb7 57. Kd3 Nh4 58. Kc4 Kc6 59. Be3
Ng6 60. Kd4 Kb5 61. Ke4 Kc4 62. Bg5 c5 63. h4 h5 64. Bd8 Kb3 65. Bg5 c4 0-1

[Event "2. Open Patrimonio de la Humanidad"]
[Site "Alcalá de Henares ESP"]
[Date "2007.10.11"]
[Round "5.26"]
[White "Sierra Soria, Elena"]
[Black "Valbuena Mota, Alejandro"]
[Result "0-1"]
[WhiteElo "1743"]
[BlackElo "2129"]
[PlyCount "92"]
[EventDate "2007.10.07"]
[EventType "swiss"]
[EventRounds "9"]
[EventCountry "ESP"]
[Source "lmi"]
[SourceDate "2007.10.07"]

1. c4 Nf6 2. Nf3 e6 3. Nc3 d5 4. cxd5 exd5 5. d4 c6 6. Bg5 Be7 7. e3 O-O 8. Bd3
Nbd7 9. O-O Re8 10. Qc2 h6 11. Bh4 Ne4 12. Bxe7 Qxe7 13. a3 f5 14. b4 a6 15.
Rab1 Nb6 16. a4 Nxc3 17. Qxc3 Nxa4 18. Qc2 Nb6 19. Bxf5 Bxf5 20. Qxf5 Rf8 21.
Qd3 Nc4 22. Rfc1 Qf7 23. Rc2 Rae8 24. Re2 Kh8 25. Nd2 Nd6 26. Rf1 Re6 27. Nf3
Ne4 28. Ne5 Qf5 29. f3 Rxe5 30. dxe5 Ng3 31. Qxf5 Nxe2+ 32. Kf2 Rxf5 33. Kxe2
Rxe5 34. Kd3 Kg8 35. Kd4 Re7 36. Ra1 Kf7 37. Ra2 Ke8 38. Re2 Kd7 39. Kc5 Kc7
40. e4 dxe4 41. Rxe4 Rxe4 42. fxe4 b6+ 43. Kc4 Kd6 44. Kd4 g6 45. g3 h5 46. h3
a5 0-1

[Event "2. Open Patrimonio de la Humanidad"]
[Site "Alcalá de Henares ESP"]
[Date "2007.10.11"]
[Round "5.27"]
[White "Rivas Vila, David"]
[Black "Avendaño Mateos, Jose"]
[Result "1-0"]
[WhiteElo "2241"]
[BlackElo "1982"]
[PlyCount "58"]
[EventDate "2007.10.07"]
[EventType "swiss"]
[EventRounds "9"]
[EventCountry "ESP"]
[Source "lmi"]
[SourceDate "2007.10.07"]

1. e4 c5 2. Nc3 d6 3. g3 Nc6 4. Bg2 g6 5. d3 Bg7 6. Be3 e6 7. Qd2 Bd7 8. Nf3 a6
9. O-O Nge7 10. Bh6 O-O 11. h4 Nd4 12. h5 Nec6 13. Bxg7 Nxf3+ 14. Bxf3 Kxg7 15.
Nd1 g5 16. Ne3 h6 17. Bg2 f6 18. c3 Be8 19. Qe2 Ra7 20. f4 b5 21. Rad1 Raf7 22.
d4 cxd4 23. cxd4 Qb6 24. d5 exd5 25. exd5 Re7 26. dxc6 Qxe3+ 27. Qxe3 Rxe3 28.
Rxd6 Re7 29. g4 Rc7 1-0

[Event "2. Open Patrimonio de la Humanidad"]
[Site "Alcalá de Henares ESP"]
[Date "2007.10.11"]
[Round "5.28"]
[White "Ruano Marco, Javier"]
[Black "Bouthier, Jacques"]
[Result "1-0"]
[WhiteElo "2177"]
[BlackElo "1959"]
[PlyCount "47"]
[EventDate "2007.10.07"]
[EventType "swiss"]
[EventRounds "9"]
[EventCountry "ESP"]
[Source "lmi"]
[SourceDate "2007.10.07"]

1. e4 c5 2. d3 Nc6 3. g3 g6 4. Bg2 Bg7 5. c3 d6 6. f4 Nf6 7. Nf3 Rb8 8. O-O O-O
9. Nbd2 b5 10. Re1 e5 11. Nf1 a5 12. h3 h5 13. f5 Ne7 14. Nh4 b4 15. g4 hxg4
16. hxg4 Nh7 17. Nf3 bxc3 18. bxc3 Nc6 19. Ng3 Bf6 20. Qd2 Bh4 21. Qh6 Bxg3 22.
Ng5 Nxg5 23. Bxg5 Bf4 24. fxg6 1-0

[Event "2. Open Patrimonio de la Humanidad"]
[Site "Alcalá de Henares ESP"]
[Date "2007.10.11"]
[Round "5.29"]
[White "Gago Padreny, Ignacio"]
[Black "Cuadrado Lopez, Francisco Javier"]
[Result "1-0"]
[WhiteElo "2157"]
[BlackElo "1952"]
[PlyCount "65"]
[EventDate "2007.10.07"]
[EventType "swiss"]
[EventRounds "9"]
[EventCountry "ESP"]
[Source "lmi"]
[SourceDate "2007.10.07"]

1. d4 d6 2. Nf3 Nf6 3. c4 g6 4. Nc3 Bg7 5. e4 O-O 6. Be2 e5 7. O-O Nc6 8. d5
Ne7 9. b4 Ne8 10. c5 f5 11. Nd2 Nf6 12. Ba3 a6 13. Qb3 Kh8 14. f3 Neg8 15. b5
Ne8 16. Nc4 Rf6 17. b6 Bf8 18. bxc7 Qxc7 19. cxd6 Nxd6 20. Nxe5 Nh6 21. Nd3
fxe4 22. fxe4 Rxf1+ 23. Rxf1 Bg7 24. e5 Nb5 25. Nxb5 axb5 26. e6 Bd4+ 27. Kh1
Nf5 28. Qb4 Bxe6 29. dxe6 Qg7 30. g4 Rg8 31. gxf5 gxf5 32. Qxd4 Qxd4 33. Bb2
1-0

[Event "2. Open Patrimonio de la Humanidad"]
[Site "Alcalá de Henares ESP"]
[Date "2007.10.11"]
[Round "5.30"]
[White "Ramos Aldoradin, John Paul"]
[Black "Collado Barbas, Laura"]
[Result "1-0"]
[WhiteElo "2129"]
[BlackElo "1940"]
[PlyCount "133"]
[EventDate "2007.10.07"]
[EventType "swiss"]
[EventRounds "9"]
[EventCountry "ESP"]
[Source "lmi"]
[SourceDate "2007.10.07"]

1. Nf3 d5 2. d3 Nf6 3. g3 Bf5 4. Bg2 e6 5. O-O c6 6. Nbd2 Nbd7 7. Qe1 Qc7 8. e4
dxe4 9. dxe4 Bg6 10. Qe2 Be7 11. e5 Nd5 12. Nc4 N7b6 13. Nxb6 Qxb6 14. a3 c5
15. c4 Nc7 16. Be3 Rd8 17. Rfd1 O-O 18. b4 Qa6 19. b5 Qa4 20. Bf1 b6 21. Nd2
Rd7 22. Rdc1 Rfd8 23. Nb1 Bd3 24. Qa2 Bxf1 25. Rxf1 Rd3 26. Bd2 R3d4 27. Rc1 a6
28. bxa6 Nxa6 29. Qc2 Qc6 30. Bc3 Rd3 31. Nd2 f6 32. Re1 fxe5 33. Ne4 Bf6 34.
Qe2 Nc7 35. Qg4 Ne8 36. a4 Ra8 37. a5 bxa5 38. Rxa5 Rxa5 39. Bxa5 Rd4 40. f3
Kh8 41. Rb1 Rxc4 42. Rb8 Qd7 43. Kg2 Be7 44. Qh5 g6 45. Qxe5+ Kg8 46. Bc3 Rxc3
47. Qxc3 Kf7 48. Qh8 h5 49. Qh7+ Kf8 50. Qxg6 c4 51. Qxh5 Bd8 52. Qh8+ Kf7 53.
Qxe8+ Kxe8 54. Nf6+ Ke7 55. Nxd7 Kxd7 56. Kf1 Bf6 57. Ke2 Kd6 58. Kd1 Kd5 59.
h4 Kd4 60. Rb6 Kd5 61. f4 Bd4 62. Rb8 Ke4 63. Kc2 Kf5 64. Rg8 e5 65. fxe5 Kxe5
66. h5 Kf6 67. h6 1-0

[Event "2. Open Patrimonio de la Humanidad"]
[Site "Alcalá de Henares ESP"]
[Date "2007.10.12"]
[Round "6.1"]
[White "Korneev, Oleg"]
[Black "Roa Alonso, Santiago"]
[Result "1-0"]
[WhiteElo "2587"]
[BlackElo "2451"]
[PlyCount "135"]
[EventDate "2007.10.07"]
[EventType "swiss"]
[EventRounds "9"]
[EventCountry "ESP"]
[Source "lmi"]
[SourceDate "2007.10.07"]

1. e4 e5 2. Nf3 Nc6 3. Bb5 a6 4. Ba4 Nf6 5. O-O Be7 6. Re1 b5 7. Bb3 d6 8. c3
O-O 9. h3 Nb8 10. d4 Nbd7 11. Nbd2 Bb7 12. Bc2 Re8 13. Nf1 Bf8 14. Ng3 g6 15.
b3 c6 16. Bg5 h6 17. Be3 Qc7 18. Qd2 Kh7 19. a4 c5 20. d5 Nb6 21. Qe2 bxa4 22.
bxa4 a5 23. c4 Ba6 24. Bd3 Rab8 25. Nd2 Nbd7 26. Nb1 Rb3 27. Na3 h5 28. Qd2 Rb4
29. Nc2 Rb3 30. Ne2 Nb6 31. Na3 Rb4 32. Bg5 Bg7 33. Qc2 Rxa4 34. Nc3 Rb4 35.
Nab5 Bxb5 36. Nxb5 Qd8 37. Bd2 a4 38. Bxb4 cxb4 39. Rxa4 Nxa4 40. Qxa4 Bf8 41.
Qxb4 Qb6 42. Ra1 Rb8 43. Qa5 Qxa5 44. Rxa5 Nd7 45. Ra7 Rd8 46. Nc7 Kg8 47. Na6
Nc5 48. Nxc5 dxc5 49. Bc2 Rb8 50. Kf1 Rb2 51. Ba4 Ra2 52. h4 Ra1+ 53. Ke2 Ra2+
54. Ke1 Ra1+ 55. Kd2 Ra2+ 56. Kc3 Rxf2 57. Be8 g5 58. hxg5 h4 59. Kd3 Rxg2 60.
Bxf7+ Kh8 61. Be6 Rxg5 62. Rf7 Rg3+ 63. Ke2 Bh6 64. d6 Re3+ 65. Kf2 Rd3 66. Bd5
h3 67. d7 Bg5 68. d8=Q+ 1-0